British Culture #5 - Statistics

General Stats
  • This quiz has been taken 89 times
  • The average score is 7 of 10
Answer Stats
Question Answer % Correct
What is the de facto flag of the United Kingdom? The Union Flag
87%
In which year did England host, and win, the FIFA World Cup? 1966
86%
What kind of sauce his produced by Lea and Perkins? {Worcestershire} Sauce
79%
Who starred in ‘Four Weddings and a Funeral’ and ‘Notting Hill’? Hugh Grant
78%
What did the ‘E’ stand for in VE Day? Europe
67%
The Clifton Suspension Bridge links Leigh Woods with which city? Bristol
64%
What is the most common name for English pubs? The Red Lion
61%
The long-running soap opera Brookside was set in which city? Liverpool
57%
Which Tudor warship sank in 1545 and was found in 1971? The Mary Rose
55%
Who often tried to assist Edmund Blackadder with ‘a cunning plan’? Baldrick
49%
No matching quizzes found
Score Distribution
Percent of People with Each Score
Percentile by Number Answered
Your Score History
You have not taken this quiz